Nederlandse Stations naar lijn 2021-2022 - Statistieken

Algemene statistieken
  • Deze quiz is 446 keer genomen
    445 sinds de laatste reset
  • De gemiddelde score is 589 van 1193
Antwoordstatistieken
Group Opmerking Station % Correct
ICE DB 120/220 7x per dag Amsterdam Centraal
98%
IC NS/DB 140/240 7x per dag Amsterdam Centraal
98%
IC NS 800/2900 Amsterdam Centraal
98%
ICD NS 900 Amsterdam Centraal
98%
ICD NS 1000 Amsterdam Centraal
98%
IC NS 1500 Amsterdam Centraal
98%
IC NS 2100 Amsterdam Centraal
98%
IC NS 2200 Amsterdam Centraal
98%
IC NS 2600 Amsterdam Centraal
98%
IC NS 3000 Amsterdam Centraal
98%
IC NS 3900/2900 Amsterdam Centraal
98%
Spr NS 4000 Amsterdam Centraal
98%
IC NS 4500 enkel in spits Amsterdam Centraal
98%
Spr NS 4600 Amsterdam Centraal
98%
Spr NS 4800 Amsterdam Centraal
98%
Spr NS 5400 Amsterdam Centraal
98%
Spr NS 15800 Amsterdam Centraal
98%
Spr NS 7400 Amsterdam Centraal
98%
Eurostar 9100 Amsterdam Centraal
98%
ICD NS 9200 Amsterdam Centraal
98%
Thalys 9300 Amsterdam Centraal
98%
ICE DB 120/220 7x per dag Utrecht Centraal
95%
IC NS 500 Utrecht Centraal
95%
IC NS 600 Utrecht Centraal
95%
IC NS 800/2900 Utrecht Centraal
95%
IC NS 1700 Utrecht Centraal
95%
IC NS 11700 Utrecht Centraal
95%
IC NS 2000 Utrecht Centraal
95%
IC NS 2800 Utrecht Centraal
95%
IC NS 3000 Utrecht Centraal
95%
IC NS 3100 Utrecht Centraal
95%
IC NS 3200 Utrecht Centraal
95%
IC NS 3500 Utrecht Centraal
95%
IC NS 3900/2900 Utrecht Centraal
95%
Spr NS (1)4900 Utrecht Centraal
95%
Spr NS 5500 Utrecht Centraal
95%
Spr NS 5600 Utrecht Centraal
95%
Spr NS 5700 Utrecht Centraal
95%
Spr NS 8800 Leiden CS-Utrecht CS/NS 6000 Utrecht CS-'s-Hertogenbosch Utrecht Centraal
95%
Spr NS 6900 Utrecht Centraal
95%
Spr NS 7300 Utrecht Centraal
95%
Spr NS 7400 Utrecht Centraal
95%
Spr NS 8900 eind in dal Utrecht Centraal
95%
Spr NS 28300 niet op maandag Utrecht Centraal
95%
IC NS 700 Den Haag Centraal
92%
IC NS 1100 Den Haag Centraal
92%
IC NS 1700 Den Haag Centraal
92%
IC NS 11700 Den Haag Centraal
92%
IC NS 1800 Den Haag Centraal
92%
IC NS 2000 Den Haag Centraal
92%
IC NS 2100 Den Haag Centraal
92%
Spr NS 3300 Den Haag Centraal
92%
Spr NS 5000 Den Haag Centraal
92%
Spr NS 5100 Den Haag Centraal
92%
Spr NS 6300 Den Haag Centraal
92%
Spr NS 6800 Den Haag Centraal
92%
Spr NS 6900 Den Haag Centraal
92%
IC NS 500 Groningen
91%
IC NS 700 Groningen
91%
Spr NS 6200 enkel in spits Groningen
91%
Spr NS 8100 Groningen
91%
ST Arriva RS6 20100 Groningen
91%
SnT Arriva RE1(a) 37300 Groningen
91%
SnT Arriva RE1(b) 37300 Groningen
91%
ST Arriva RS1 37400 Groningen
91%
ST Arriva RS6 37500 Groningen
91%
ST Arriva RS4 37600 Groningen
91%
ST Arriva RS5 37700 Groningen
91%
ST Arriva RS7 37800 Groningen
91%
SnT Arriva RE6 37900 enkel in sptis Groningen
91%
IC NS 500 Rotterdam Centraal
91%
IC NS 600 Rotterdam Centraal
91%
ICD NS 900 Rotterdam Centraal
91%
ICD NS 1000 Rotterdam Centraal
91%
IC NS 1100 Rotterdam Centraal
91%
IC NS 2200 Rotterdam Centraal
91%
IC NS 2400 Rotterdam Centraal
91%
IC NS 2800 Rotterdam Centraal
91%
IC NS 3200 Rotterdam Centraal
91%
Spr NS 4000 Rotterdam Centraal
91%
Spr NS 5000 Rotterdam Centraal
91%
Spr NS 5100 Rotterdam Centraal
91%
Spr NS 5200 Rotterdam Centraal
91%
Spr NS 7700 enkel in spits Rotterdam Centraal
91%
Eurostar 9100 Rotterdam Centraal
91%
ICD NS 9200 Rotterdam Centraal
91%
Thalys 9300 Rotterdam Centraal
91%
IC NS 800/2900 Eindhoven Centraal
89%
IC NS 1100 Eindhoven Centraal
89%
IC NS 1900 4x per dag Eindhoven Centraal
89%
IC NS 3500 Eindhoven Centraal
89%
IC NS 3900/2900 Eindhoven Centraal
89%
Spr NS 4400 Eindhoven Centraal
89%
Spr NS 6400 Eindhoven Centraal
89%
ST Valleilijn 31300 Ede Centrum
88%
IC NS 800/2900 Maastricht
88%
ST NMBS 5350 Maastricht
88%
SnT Arriva RE18 19800 Maastricht
88%
SnT Arriva RE18 20300 Maastricht
88%
ST Arriva RS18 32000 Maastricht
88%
ST Arriva RS12 32400 Maastricht
88%
ICD NS 900 Breda
86%
IC NS 1100 Breda
86%
IC NS 1900 4x per dag Breda
86%
IC NS 3600 Breda
86%
Spr NS 6600 Breda
86%
ICD NS 9200 Breda
86%
IC NS 1100 Tilburg
86%
IC NS 1900 4x per dag Tilburg
86%
IC NS 3600 Tilburg
86%
Spr NS 6400 Tilburg
86%
Spr NS 6600 Tilburg
86%
IC NS/DB 140/240 7x per dag Amersfoort Centraal
85%
IC NS 500 Amersfoort Centraal
85%
IC NS 600 Amersfoort Centraal
85%
IC NS 1500 eind in spits Amersfoort Centraal
85%
IC NS 1600 Amersfoort Centraal
85%
IC NS 11600 Amersfoort Centraal
85%
IC NS 1700 Amersfoort Centraal
85%
IC NS 11700 Amersfoort Centraal
85%
IC NS 2000 eind in dal Amersfoort Centraal
85%
Spr NS 5600 Amersfoort Centraal
85%
Spr NS 15600 enkel in spits Amersfoort Centraal
85%
Spr NS 15800 Amersfoort Centraal
85%
ST Valleilijn 31300 Amersfoort Centraal
85%
ST Valleilijn 31400 Amersfoort Centraal
85%
ICE DB 120/220 7x per dag Arnhem Centraal
85%
IC NS 3000 Arnhem Centraal
85%
IC NS 3100 Arnhem Centraal
85%
IC NS 3200 Arnhem Centraal
85%
IC NS 3600 Arnhem Centraal
85%
Spr NS 6600 Arnhem Centraal
85%
Spr NS 7500 Arnhem Centraal
85%
Spr NS 7600 Arnhem Centraal
85%
ST Abellio RE19 20000 Arnhem Centraal
85%
ST Breng 30700 Arnhem Centraal
85%
ST Arriva 30900 Arnhem Centraal
85%
ST Arriva 31100 Arnhem Centraal
85%
IC NS 800/2900 's-Hertogenbosch
85%
IC NS 3500 's-Hertogenbosch
85%
IC NS 3600 's-Hertogenbosch
85%
IC NS 3900/2900 's-Hertogenbosch
85%
Spr NS 4400 begin in dal 's-Hertogenbosch
85%
Spr NS 8800 Leiden CS-Utrecht CS/NS 6000 Utrecht CS-'s-Hertogenbosch 's-Hertogenbosch
85%
Spr NS 6600 's-Hertogenbosch
85%
IC NS 500 Zwolle
84%
IC NS 600 Zwolle
84%
IC NS 700 Zwolle
84%
IC NS 1800 Zwolle
84%
IC NS 3600 Zwolle
84%
SnT Blauwnet RE20 3800 Zwolle
84%
SnT Blauwnet RE20 13800 enkel in spits Zwolle
84%
Spr NS 4600 Zwolle
84%
Spr NS 5600 Zwolle
84%
Spr Blauwnet 7900 Zwolle
84%
IC Blauwnet 17900 Zwolle
84%
ST Blauwnet RS20 8000 Zwolle
84%
Spr NS 8100 Zwolle
84%
Spr Blauwnet 8500 Zwolle
84%
Spr NS 9000 Zwolle
84%
IC NS 700 Leiden Centraal
82%
IC NS 1800 Leiden Centraal
82%
IC NS 2100 Leiden Centraal
82%
IC NS 2200 Leiden Centraal
82%
IC NS 2400 Leiden Centraal
82%
IC NS 3200 Leiden Centraal
82%
Spr NS 3300 Leiden Centraal
82%
Spr NS 4600 Leiden Centraal
82%
Spr NS 8800 Leiden CS-Utrecht CS/NS 6000 Utrecht CS-'s-Hertogenbosch Leiden Centraal
82%
Spr NS 6300 Leiden Centraal
82%
Spr NS 8900 begin in spits Leiden Centraal
82%
IC NS 600 Leeuwarden
81%
IC NS 1800 Leeuwarden
81%
Spr NS 9000 Leeuwarden
81%
ST Arriva RS3 37000 Leeuwarden
81%
SnT Arriva RE3 37000 enkel in spits Leeuwarden
81%
ST Arriva RS3 37100 Leeuwarden
81%
ST Arriva RS2 37200 Leeuwarden
81%
SnT Arriva RE1(a) 37300 Leeuwarden
81%
SnT Arriva RE1(b) 37300 Leeuwarden
81%
ST Arriva RS1 37400 Leeuwarden
81%
IC NS 800/2900 begin in dal Alkmaar
80%
IC NS 3000 Alkmaar
80%
IC NS 3400 enkel in spits Alkmaar
80%
Spr NS 4800 Alkmaar
80%
IC NS 700 Lelystad Centrum
80%
IC NS 1800 Lelystad Centrum
80%
IC NS 2400 Lelystad Centrum
80%
Spr NS 4600 Lelystad Centrum
80%
IC NS 3000 Nijmegen
80%
IC NS 3100 Nijmegen
80%
IC NS 3600 Nijmegen
80%
Spr NS 6600 Nijmegen
80%
Spr NS 7600 Nijmegen
80%
ST Arriva RS11 32200 Nijmegen
80%
ST Arriva RS11 32300 Nijmegen
80%
IC NS 700 Almere Centrum
79%
IC NS 1800 Almere Centrum
79%
IC NS 2400 Almere Centrum
79%
IC NS 2600 Almere Centrum
79%
Spr NS 4300 Almere Centrum
79%
Spr NS 4600 Almere Centrum
79%
Spr NS (1)4900 Almere Centrum
79%
IC NS 1900 4x per dag Dordrecht
79%
IC NS 2200 Dordrecht
79%
IC NS 2400 Dordrecht
79%
Spr NS 5000 Dordrecht
79%
Spr NS 5100 Dordrecht
79%
Spr NS 5200 Dordrecht
79%
Spr NS 5900 Dordrecht
79%
Spr NS 6600 Dordrecht
79%
ST Rnet 7100 Dordrecht
79%
ST RNet 7200 Dordrecht
79%
IC NS 500 Gouda
79%
IC NS 600 Gouda
79%
IC NS 1700 Gouda
79%
IC NS 11700 Gouda
79%
IC NS 2000 Gouda
79%
IC NS 2800 Gouda
79%
Spr NS 4000 Gouda
79%
Spr NS 6800 Gouda
79%
Spr NS 6900 Gouda
79%
Spr NS 7700 enkel in spits Gouda
79%
Spr Rnet 8600 Gouda
79%
Spr Rnet 8700 Gouda
79%
IC NS 2100 Haarlem
79%
IC NS 2200 Haarlem
79%
IC NS 3400 enkel in spits Haarlem
79%
Spr NS 4800 Haarlem
79%
Spr NS 5400 Haarlem
79%
IC NS 15400 enkel in zomer Haarlem
79%
Spr NS 25400 enkel in zomer Haarlem
79%
Spr NS 6300 Haarlem
79%
IC NS 700 Schiphol Airport
78%
ICD NS 900 Schiphol Airport
78%
ICD NS 1000 Schiphol Airport
78%
IC NS 1600 Schiphol Airport
78%
IC NS 11600 Schiphol Airport
78%
IC NS 1800 Schiphol Airport
78%
IC NS 2400 Schiphol Airport
78%
IC NS 3100 Schiphol Airport
78%
IC NS 3200 Schiphol Airport
78%
Spr NS 3300 Schiphol Airport
78%
IC NS 3500 Schiphol Airport
78%
Spr NS 4300 Schiphol Airport
78%
Spr NS 4600 Schiphol Airport
78%
Spr NS 5700 Schiphol Airport
78%
Spr NS 15800 Schiphol Airport
78%
ICD NS 9200 Schiphol Airport
78%
Thalys 9300 Schiphol Airport
78%
IC NS/DB 140/240 7x per dag Almelo
77%
IC NS 1600 Almelo
77%
IC NS 1700 Almelo
77%
Spr NS 7000 eind in dal Almelo
77%
Spr Blauwnet 7900 Almelo
77%
IC Blauwnet 17900 Almelo
77%
ST Blauwnet RS21 31000 Almelo
77%
IC NS/DB 140/240 7x per dag Apeldoorn
77%
IC NS 1500 Apeldoorn
77%
IC NS 1600 Apeldoorn
77%
IC NS 1700 Apeldoorn
77%
IC NS 2000 Apeldoorn
77%
Spr NS 7000 Apeldoorn
77%
ST Arriva 17800 Apeldoorn
77%
IC NS 500 Assen
77%
IC NS 700 Assen
77%
Spr NS 6200 enkel in spits Assen
77%
Spr NS 8100 Assen
77%
IC NS 800/2900 begin in spits Den Helder
77%
IC NS 3000 Den Helder
77%
IC NS 1600 Enschede
77%
IC NS 1700 Enschede
77%
Spr NS 7000 eind in spits Enschede
77%
Spr Blauwnet 7900 Enschede
77%
IC Blauwnet 17900 Enschede
77%
ST DB RB51 20200 Enschede
77%
ST DB RB64 20200 Enschede
77%
IC NS 3500 Venlo
77%
SnT Eurobahn RE13 20000 Venlo
77%
ST Arriva RS11 32200 Venlo
77%
ST Arriva RS11 32300 eind in spits Venlo
77%
IC NS/DB 140/240 7x per dag Hengelo
76%
IC NS 1600 Hengelo
76%
IC NS 1700 Hengelo
76%
Spr NS 7000 Hengelo
76%
Spr Blauwnet 7900 Hengelo
76%
IC Blauwnet 17900 Hengelo
76%
ST Eurobahn RB61 20350 Hengelo
76%
ST Blauwnet 31200 Hengelo
76%
IC NS/DB 140/240 7x per dag Deventer
75%
IC NS 1500 eind in dal Deventer
75%
IC NS 1600 Deventer
75%
IC NS 1700 Deventer
75%
IC NS 2000 eind in spits Deventer
75%
IC NS 3600 Deventer
75%
Spr NS 7000 Deventer
75%
IC NS/DB 140/240 7x per dag Hilversum
74%
IC NS 1500 Hilversum
74%
IC NS 1600 Hilversum
74%
IC NS 11600 Hilversum
74%
Spr NS (1)4900 Hilversum
74%
Spr NS 5700 Hilversum
74%
Spr NS 15800 Hilversum
74%
IC NS 1100 Delft
73%
IC NS 2200 Delft
73%
IC NS 2400 Delft
73%
IC NS 3200 Delft
73%
Spr NS 5000 Delft
73%
Spr NS 5100 Delft
73%
IC NS 600 Heerenveen
73%
IC NS 1800 Heerenveen
73%
Spr NS 9000 Heerenveen
73%
IC NS 800/2900 Amsterdam Amstel
72%
IC NS 3000 Amsterdam Amstel
72%
IC NS 3900/2900 Amsterdam Amstel
72%
Spr NS 4000 Amsterdam Amstel
72%
Spr NS 7400 Amsterdam Amstel
72%
IC NS 700 Amsterdam Zuid
72%
IC NS 1600 Amsterdam Zuid
72%
IC NS 11600 Amsterdam Zuid
72%
IC NS 1800 Amsterdam Zuid
72%
IC NS 2400 Amsterdam Zuid
72%
IC NS 3100 Amsterdam Zuid
72%
IC NS 3200 Amsterdam Zuid
72%
IC NS 3500 Amsterdam Zuid
72%
Spr NS 4300 Amsterdam Zuid
72%
Spr NS 5700 Amsterdam Zuid
72%
ST NMBS 2500 Antwerpen-Centraal
72%
ICD NS 9200 Antwerpen-Centraal
72%
Thalys 9300 België Antwerpen-Centraal
72%
IC NS 2200 Middelburg
72%
Spr NS 6100 Middelburg
72%
IC NS 800/2900 Roermond
72%
IC NS 3900/2900 Roermond
72%
ST Arriva RS11 32200 Roermond
72%
ST Arriva RS12 32400 Roermond
72%
IC NS 2200 Roosendaal
72%
ST NMBS 2500 Roosendaal
72%
IC NS 3600 Roosendaal
72%
Spr NS 5900 Roosendaal
72%
Spr NS 6100 Roosendaal
72%
Spr NS 3300 Hoorn
70%
IC NS 3900/2900 Hoorn
70%
IC NS 4500 enkel in spits Hoorn
70%
Spr NS 4800 Hoorn
70%
IC NS 800/2900 Sittard
70%
IC NS 3900/2900 Sittard
70%
ST Arriva RS12 32400 Sittard
70%
ST Arriva RS15 32500 Sittard
70%
IC NS 2200 Vlissingen
70%
Spr NS 6100 Vlissingen
70%
Spr NS 4300 Almere Poort
68%
Spr NS 4600 Almere Poort
68%
Spr NS (1)4900 Almere Poort
68%
IC NS/DB 140/240 7x per dag Berlin Hbf
68%
IC NS 3600 Oss
67%
Spr NS 4400 begin in spits Oss
67%
Spr NS 6600 Oss
67%
IC NS 800/2900 Amsterdam Sloterdijk
66%
IC NS 2100 Amsterdam Sloterdijk
66%
IC NS 2200 Amsterdam Sloterdijk
66%
IC NS 3000 Amsterdam Sloterdijk
66%
Spr NS 3300 Amsterdam Sloterdijk
66%
IC NS 3900/2900 Amsterdam Sloterdijk
66%
Spr NS 4000 Amsterdam Sloterdijk
66%
IC NS 4500 enkel in spits Amsterdam Sloterdijk
66%
Spr NS 4600 Amsterdam Sloterdijk
66%
Spr NS 4800 Amsterdam Sloterdijk
66%
Spr NS 5400 Amsterdam Sloterdijk
66%
Spr NS 15800 Amsterdam Sloterdijk
66%
Spr NS 7400 Amsterdam Sloterdijk
66%
ST Breng 30700 Duiven
66%
ST Arriva 30900 Duiven
66%
IC NS 3000 Ede-Wageningen
66%
IC NS 3100 Ede-Wageningen
66%
IC NS 3200 Ede-Wageningen
66%
Spr NS 7500 Ede-Wageningen
66%
ST Valleilijn 31300 Ede-Wageningen
66%
IC NS 3900/2900 Heerlen
66%
SnT Arriva RE18 19800 Heerlen
66%
SnT Arriva RE18 20300 Heerlen
66%
ST Arriva RS18 32000 Heerlen
66%
ST Arriva RS15 32500 Heerlen
66%
Spr Blauwnet 8500 Kampen
66%
IC NS 3600 Zutphen
66%
Spr NS 7600 Zutphen
66%
ST Arriva 17800 Zutphen
66%
ST Arriva 30800 Zutphen
66%
ST Blauwnet 31200 Zutphen
66%
IC NS 3100 Amsterdam Bijlmer-ArenA
64%
IC NS 3200 Amsterdam Bijlmer-ArenA
64%
IC NS 3500 Amsterdam Bijlmer-ArenA
64%
Spr NS 4000 Amsterdam Bijlmer-ArenA
64%
Spr NS 7400 Amsterdam Bijlmer-ArenA
64%
SnT Blauwnet RE20 3800 Emmen
64%
SnT Blauwnet RE20 13800 enkel in spits Emmen
64%
ST Blauwnet RS20 8000 Emmen
64%
SnT Eurobahn RE13 20000 Hagen Hbf
64%
Spr NS 8800 Leiden CS-Utrecht CS/NS 6000 Utrecht CS-'s-Hertogenbosch Alphen aan den Rijn
63%
Spr Rnet 8600 Alphen aan den Rijn
63%
Spr Rnet 8700 Alphen aan den Rijn
63%
Spr NS 8900 Alphen aan den Rijn
63%
IC NS 600 Meppel
63%
IC NS 1800 Meppel
63%
Spr NS 8100 Meppel
63%
Spr NS 9000 Meppel
63%
Spr NS 5500 Baarn
62%
Spr NS 15800 Baarn
62%
IC NS 1100 Den Haag Hollands Spoor
62%
IC NS 2200 Den Haag Hollands Spoor
62%
IC NS 2400 Den Haag Hollands Spoor
62%
IC NS 3200 Den Haag Hollands Spoor
62%
Spr NS 5000 Den Haag Hollands Spoor
62%
Spr NS 5100 Den Haag Hollands Spoor
62%
IC NS 3900/2900 Enkhuizen
62%
IC NS 4500 enkel in spits Enkhuizen
62%
IC NS 800/2900 Weert
62%
IC NS 3900/2900 Weert
62%
Spr NS 6400 Weert
62%
ST Abellio RE19 20000 Duisburg Hbf
61%
ICE DB 120/220 7x per dag Düsseldorf Hbf
61%
SnT Eurobahn RE13 20000 Düsseldorf Hbf
61%
ST Abellio RE19 20000 Düsseldorf Hbf
61%
IC NS 800/2900 Zaandam
61%
IC NS 3000 Zaandam
61%
Spr NS 3300 Zaandam
61%
Spr NS 4000 Zaandam
61%
Spr NS 7400 Zaandam
61%
IC NS 2200 Goes
60%
Spr NS 6100 Goes
60%
IC NS 500 Rotterdam Alexander
60%
IC NS 600 Rotterdam Alexander
60%
IC NS 2800 Rotterdam Alexander
60%
Spr NS 4000 Rotterdam Alexander
60%
Spr NS 7700 enkel in spits Rotterdam Alexander
60%
Spr NS 5400 Zandvoort aan Zee
60%
IC NS 15400 enkel in zomer Zandvoort aan Zee
60%
Spr NS 25400 enkel in zomer Zandvoort aan Zee
60%
Spr NS 4000 Woerden
59%
Spr NS 8800 Leiden CS-Utrecht CS/NS 6000 Utrecht CS-'s-Hertogenbosch Woerden
59%
Spr NS 6900 Woerden
59%
Spr NS 8900 begin in dal Woerden
59%
Spr NS 5600 Harderwijk
58%
Spr NS 15600 enkel in spits Harderwijk
58%
IC NS 3500 Helmond
58%
Spr NS 4400 Helmond
58%
ICE DB 120/220 7x per dag Köln Hbf
58%
Thalys 9300 Frankrijk Paris Nord
58%
IC NS 2200 Rotterdam Blaak
58%
IC NS 2400 Rotterdam Blaak
58%
Spr NS 5000 Rotterdam Blaak
58%
Spr NS 5100 Rotterdam Blaak
58%
Spr NS 5200 Rotterdam Blaak
58%
Spr NS 6900 Tiel
58%
ST Arriva 31100 Tiel
58%
Spr NS 6800 Zoetermeer
58%
Spr NS 6900 Zoetermeer
58%
IC NS 3600 Dieren
57%
Spr NS 7600 Dieren
57%
Spr NS 4600 Dronten
57%
IC NS 1600 Duivendrecht
57%
IC NS 11600 Duivendrecht
57%
IC NS 2400 Duivendrecht
57%
Spr NS 4000 Duivendrecht
57%
Spr NS 4300 Duivendrecht
57%
Spr NS 5700 Duivendrecht
57%
Spr NS 7400 Duivendrecht
57%
IC NS 800/2900 Heerhugowaard
57%
IC NS 3000 Heerhugowaard
57%
Spr NS 4800 Heerhugowaard
57%
Spr NS 5000 Rotterdam Zuid
57%
Spr NS 5100 Rotterdam Zuid
57%
Spr NS 5200 Rotterdam Zuid
57%
IC NS 2200 Bergen op Zoom
56%
Spr NS 6100 Bergen op Zoom
56%
Spr NS 8800 Leiden CS-Utrecht CS/NS 6000 Utrecht CS-'s-Hertogenbosch Geldermalsen
56%
Spr NS 6900 Geldermalsen
56%
ST RNet 7200 Geldermalsen
56%
Eurostar 9100 VK London St.Pancras int.
56%
IC NS 2200 Schiedam Centrum
56%
IC NS 2400 Schiedam Centrum
56%
IC NS 3200 Schiedam Centrum
56%
Spr NS 5000 Schiedam Centrum
56%
Spr NS 5100 Schiedam Centrum
56%
ST Arriva RS3 37000 eind in dal Sneek
56%
SnT Arriva RE3 37000 enkel in spits Sneek
56%
ST Arriva RS3 37100 Sneek
56%
Spr NS 7300 Veenendaal Centrum
56%
Spr NS 7400 eind in spits Veenendaal Centrum
56%
Spr NS 4300 Weesp
56%
Spr NS 4600 Weesp
56%
Spr NS 5700 Weesp
56%
Spr NS 15800 Weesp
56%
IC NS 11600 Amersfoort Schothorst
54%
IC NS 11700 Amersfoort Schothorst
54%
Spr NS 5600 Amersfoort Schothorst
54%
Spr NS 15800 Amersfoort Schothorst
54%
IC NS 2200 Den Haag Laan van Nieuw Oost Indië
54%
IC NS 2400 Den Haag Laan van Nieuw Oost Indië
54%
IC NS 3200 Den Haag Laan van Nieuw Oost Indië
54%
Spr NS 3300 Den Haag Laan van Nieuw Oost Indië
54%
Spr NS 6300 Den Haag Laan van Nieuw Oost Indië
54%
ST Breng 30700 Doetinchem
54%
ST Arriva 30900 Doetinchem
54%
IC NS 3600 Etten-Leur
54%
ST Arriva RS2 37200 Harlingen
54%
Spr NS 3300 Hoofddorp
54%
Spr NS 4300 Hoofddorp
54%
Spr NS 4600 Hoofddorp
54%
Spr NS 5700 Hoofddorp
54%
Spr NS 15800 Hoofddorp
54%
Spr NS 8800 Leiden CS-Utrecht CS/NS 6000 Utrecht CS-'s-Hertogenbosch Houten
54%
Spr NS 6900 Houten
54%
Spr NS 8900 Houten
54%
Spr NS 5500 Soest
54%
Spr NS 5600 Amersfoort Vathorst
53%
Spr NS 15800 Amersfoort Vathorst
53%
Spr NS 4600 Diemen
53%
Spr NS 15800 Diemen
53%
ST Arriva RS2 37200 Harlingen Haven
53%
IC NS 800/2900 Schagen
53%
IC NS 3000 Schagen
53%
IC NS 2400 Almere Buiten
52%
Spr NS 4300 Almere Buiten
52%
Spr NS 4600 Almere Buiten
52%
Spr NS 4300 Almere Muziekwijk
52%
Spr NS 4600 Almere Muziekwijk
52%
Spr NS (1)4900 Almere Muziekwijk
52%
Spr NS 4300 Amsterdam RAI
52%
Spr NS 5700 Amsterdam RAI
52%
ST Valleilijn 31300 Barneveld Centrum
52%
ST Valleilijn 31400 Barneveld Centrum
52%
IC NS 3000 Driebergen-Zeist
52%
Spr NS 7300 Driebergen-Zeist
52%
Spr NS 7400 eind in dal Driebergen-Zeist
52%
Spr NS 8100 Hoogeveen
52%
ST Arriva RS15 32500 Kerkrade Centrum
52%
IC NS 600 Steenwijk
52%
IC NS 1800 Steenwijk
52%
Spr NS 9000 Steenwijk
52%
Spr NS 6400 Tilburg Universiteit
52%
Spr NS 6600 Tilburg Universiteit
52%
ST Arriva 30800 Winterswijk
52%
ST Arriva 30900 Winterswijk
52%
Spr NS 4000 Amsterdam Muiderpoort
51%
Spr NS 4600 Amsterdam Muiderpoort
51%
Spr NS 15800 Amsterdam Muiderpoort
51%
Spr NS 7400 Amsterdam Muiderpoort
51%
Eurostar 9100 België Brussel-Zuid/Midi
51%
ICD NS 9200 Brussel-Zuid/Midi
51%
Thalys 9300 Brussel-Zuid/Midi
51%
ST Rnet 7100 Gorinchem
51%
ST RNet 7200 Gorinchem
51%
SnT Arriva RE18 19800 Valkenburg
51%
SnT Arriva RE18 20300 Valkenburg
51%
ST Arriva RS18 32000 Valkenburg
51%
ST Arriva RS11 32200 Venray
51%
ST Arriva RS11 32300 eind in dal Venray
51%
IC NS 800/2900 Castricum
50%
IC NS 3000 Castricum
50%
IC NS 3400 enkel in spits Castricum
50%
Spr NS 4800 Castricum
50%
ICE DB 120/220 7x per dag Frankfurt Flughafen Fernbf
50%
ST Arriva RS12 32400 Geleen Lutterade
50%
IC NS 800/2900 Alkmaar Noord
49%
IC NS 3000 Alkmaar Noord
49%
Spr NS 4800 Alkmaar Noord
49%
Spr NS 6600 Elst
48%
Spr NS 7600 Elst
48%
ST Arriva 31100 Elst
48%
Spr NS 3300 Purmerend
48%
Spr NS 4000 Uitgeest
48%
Spr NS 4800 Uitgeest
48%
Spr NS 7400 Uitgeest
48%
ST Arriva RS5 37700 Delfzijl
47%
Spr NS 5000 Zwijndrecht
47%
Spr NS 5100 Zwijndrecht
47%
Spr NS 5200 Zwijndrecht
47%
Spr NS 3300 Amsterdam Lelylaan
46%
Spr NS 4600 Amsterdam Lelylaan
46%
Spr NS 15800 Amsterdam Lelylaan
46%
Spr NS 4600 Amsterdam Sciencepark
46%
Spr NS 15800 Amsterdam Sciencepark
46%
Spr NS 5000 Barendrecht
46%
Spr NS 5100 Barendrecht
46%
Spr NS 5200 Barendrecht
46%
IC NS 3400 enkel in spits Beverwijk
46%
Spr NS 4800 Beverwijk
46%
Spr NS 4800 Bloemendaal
46%
Spr NS 4400 Boxtel
46%
Spr NS 6400 Boxtel
46%
Spr NS 5600 Ermelo
46%
ST Arriva RS1 37400 Leeuwarden Camminghaburen
46%
IC NS 3600 Olst
46%
IC NS 3600 Wijhe
46%
IC NS 800/2900 Anna Paulowna
45%
IC NS 3000 Anna Paulowna
45%
IC NS 800/2900 Den Helder Zuid
45%
IC NS 3000 Den Helder Zuid
45%
IC NS 3000 Heiloo
45%
IC NS 3400 enkel in spits Heiloo
45%
Spr NS 4800 Heiloo
45%
Spr NS 4600 Kampen Zuid
45%
Spr NS 6600 Nijmegen Lent
45%
Spr NS 7600 Nijmegen Lent
45%
Spr NS 7600 Velp
45%
ST Abellio RE19 20000 Zevenaar
45%
ST Breng 30700 Zevenaar
45%
ST Arriva 30900 Zevenaar
45%
Spr NS 4000 Abcoude
44%
Spr NS 7400 Abcoude
44%
Spr NS 6600 Arnhem Zuid
44%
Spr NS 7600 Arnhem Zuid
44%
Spr NS 4400 Best
44%
Spr NS 6400 Best
44%
Spr NS 8800 Leiden CS-Utrecht CS/NS 6000 Utrecht CS-'s-Hertogenbosch Culemborg
44%
Spr NS 6900 Culemborg
44%
IC NS 3200 Veenendaal-De Klomp
44%
Spr NS 6600 Wijchen
44%
Spr NS 7600 Wijchen
44%
ST Arriva RS11 32200 Cuijk
43%
ST Arriva RS11 32300 Cuijk
43%
Spr NS 5000 Delft Campus
43%
Spr NS 5100 Delft Campus
43%
Spr NS 3300 Hoorn Kersenboogerd
43%
IC NS 3900/2900 Hoorn Kersenboogerd
43%
IC NS 4500 enkel in spits Hoorn Kersenboogerd
43%
Spr NS 7300 Rhenen
43%
Spr NS 4000 Rotterdam Noord
43%
Spr NS 7700 enkel in spits Rotterdam Noord
43%
Spr NS 6900 Utrecht Leidsche Rijn
43%
Spr NS 8900 Utrecht Leidsche Rijn
43%
Spr NS 8800 Leiden CS-Utrecht CS/NS 6000 Utrecht CS-'s-Hertogenbosch Utrecht Lunetten
43%
Spr NS 6900 Utrecht Lunetten
43%
Spr NS 8900 Utrecht Lunetten
43%
Spr NS 8800 Leiden CS-Utrecht CS/NS 6000 Utrecht CS-'s-Hertogenbosch Zaltbommel
43%
Spr NS 4300 Almere Oostvaarders
42%
Spr NS 4600 Almere Oostvaarders
42%
Spr NS 7600 Arnhem Velperpoort
42%
ST Breng 30700 Arnhem Velperpoort
42%
ST Arriva 30900 Arnhem Velperpoort
42%
SnT Blauwnet RE20 3800 Coevorden
42%
SnT Blauwnet RE20 13800 enkel in spits Coevorden
42%
ST Blauwnet RS20 8000 Coevorden
42%
ICE DB 120/220 7x per dag Duisburg Hbf
42%
Spr NS 5700 Hilversum Media Park
42%
Spr NS 15800 Hilversum Media Park
42%
Eurostar 9100 Frankrijk Lille-Europe
42%
SnT Blauwnet RE20 3800 Ommen
42%
SnT Blauwnet RE20 13800 enkel in spits Ommen
42%
ST Blauwnet RS20 8000 Ommen
42%
Spr NS 5000 Rijswijk
42%
Spr NS 5100 Rijswijk
42%
Spr NS 8800 Leiden CS-Utrecht CS/NS 6000 Utrecht CS-'s-Hertogenbosch Utrecht Vaartsche Rijn
42%
Spr NS 6900 Utrecht Vaartsche Rijn
42%
Spr NS 7300 Utrecht Vaartsche Rijn
42%
Spr NS 7400 Utrecht Vaartsche Rijn
42%
Spr NS 8900 Utrecht Vaartsche Rijn
42%
ST Arriva RS7 37800 Veendam
42%
Spr NS 6200 enkel in spits Haren
41%
Spr NS 8100 Haren
41%
Spr NS 5600 Nijkerk
41%
Spr NS 15600 enkel in spits Nijkerk
41%
ST Rnet 7100 Sliedrecht
41%
ST RNet 7200 Sliedrecht
41%
Spr NS (1)4900 Utrecht Overvecht
41%
Spr NS 5500 Utrecht Overvecht
41%
Spr NS 5600 Utrecht Overvecht
41%
Spr NS 5700 Utrecht Overvecht
41%
ST NMBS 2500 België Essen
40%
Spr NS 4000 Gouda Goverwelle
40%
Spr NS 6800 Gouda Goverwelle
40%
Spr NS 6900 Gouda Goverwelle
40%
Spr NS 7700 enkel in spits Gouda Goverwelle
40%
Spr NS 6200 enkel in spits Groningen Europapark
40%
Spr NS 8100 Groningen Europapark
40%
ST Arriva RS6 20100 Groningen Europapark
40%
ST Arriva RS6 37500 Groningen Europapark
40%
ST Arriva RS7 37800 Groningen Europapark
40%
SnT Arriva RE6 37900 enkel in sptis Groningen Europapark
40%
Spr NS 8800 Leiden CS-Utrecht CS/NS 6000 Utrecht CS-'s-Hertogenbosch Houten Castellum
40%
Spr NS 6900 Houten Castellum
40%
Spr NS 8900 eind in spits Houten Castellum
40%
Spr NS 5900 Lage Zwaluwe
40%
Spr NS 6600 Lage Zwaluwe
40%
ST Eurobahn RB61 20350 Oldenzaal
40%
ST Blauwnet 31200 Oldenzaal
40%
Spr NS 4400 's-Hertogenbosch Oost
40%
Spr NS 6600 's-Hertogenbosch Oost
40%
ST NMBS 5350 Eijsden
39%
Spr NS 4800 Heemskerk
39%
ST Arriva RS6 20100 Leer
39%
Spr NS 5600 Putten
39%
SnT Arriva RE18 20300 Aachen Hbf
38%
Spr NS 5500 Bilthoven
38%
Spr NS 5600 Bilthoven
38%
Spr NS 8800 Leiden CS-Utrecht CS/NS 6000 Utrecht CS-'s-Hertogenbosch Bodegraven
38%
Spr NS 8900 Bodegraven
38%
Spr NS 7000 Borne
38%
Spr Blauwnet 7900 Borne
38%
Spr NS 4000 Breukelen
38%
Spr NS 7300 Breukelen
38%
Spr NS 7400 Breukelen
38%
Spr NS 5900 Dordrecht Zuid
38%
Spr NS 6600 Dordrecht Zuid
38%
Spr NS 4400 Eindhoven Strijp-S
38%
Spr NS 6400 Eindhoven Strijp-S
38%
ST Arriva RS2 37200 Franeker
38%
SnT Blauwnet RE20 3800 Hardenberg
38%
SnT Blauwnet RE20 13800 enkel in spits Hardenberg
38%
ST Blauwnet RS20 8000 Hardenberg
38%
ST Blauwnet RS21 31000 Hardenberg
38%
Spr NS (1)4900 Naarden-Bussum
38%
Spr NS 5700 Naarden-Bussum
38%
Spr NS 15800 Naarden-Bussum
38%
Spr NS 6600 Nijmegen Dukenburg
38%
Spr NS 7600 Nijmegen Dukenburg
38%
Spr NS 6600 Nijmegen Goffert
38%
Spr NS 7600 Nijmegen Goffert
38%
Spr Blauwnet 7900 Raalte
38%
IC Blauwnet 17900 Raalte
38%
Spr NS 4400 Vught
38%
Spr NS 7000 Almelo De Riet
37%
Spr Blauwnet 7900 Almelo De Riet
37%
Spr NS 8100 Beilen
37%
Spr NS 4400 Oss West
37%
Spr NS 6600 Oss West
37%
Spr Rnet 8600 Waddinxveen
37%
Spr Rnet 8700 Waddinxveen
37%
Spr Blauwnet 8500 Zwolle Stadshagen
37%
IC NS 3500 Blerick
36%
ST Arriva RS11 32200 Blerick
36%
ST Arriva RS11 32300 Blerick
36%
ST Arriva RS11 32200 Boxmeer
36%
ST Arriva RS11 32300 Boxmeer
36%
Spr NS 7600 Brummen
36%
Spr NS 4000 Capelle Schollevaar
36%
Spr NS 7700 enkel in spits Capelle Schollevaar
36%
SnT Blauwnet RE20 3800 Dalfsen
36%
SnT Blauwnet RE20 13800 enkel in spits Dalfsen
36%
ST Blauwnet RS20 8000 Dalfsen
36%
Spr NS 4300 Diemen Zuid
36%
Spr NS 5700 Diemen Zuid
36%
Spr NS 4800 Haarlem Spaarnwoude
36%
Spr NS 5400 Haarlem Spaarnwoude
36%
Spr NS 8800 Leiden CS-Utrecht CS/NS 6000 Utrecht CS-'s-Hertogenbosch Leiden Lammenschans
36%
Spr NS 8900 Leiden Lammenschans
36%
Spr NS 7300 Maarn
36%
Spr NS 7400 Maarn
36%
ST NMBS 5350 Maastricht Randwyck
36%
ST Arriva RS18 32000 Maastricht Randwyck
36%
ST Arriva RS12 32400 Maastricht Randwyck
36%
Spr NS 3300 Nieuw Vennep
36%
Spr NS 4600 Nieuw Vennep
36%
Spr NS 5600 Nunspeet
36%
Spr NS 7600 Rheden
36%
Spr NS 4400 Rosmalen
36%
Spr NS 6600 Rosmalen
36%
Spr NS 5600 't Harde
36%
ST Arriva RS6 20100 Winschoten
36%
ST Arriva RS6 37500 Winschoten
36%
SnT Arriva RE6 37900 enkel in sptis Winschoten
36%
Spr NS 4000 Zaandijk Zaanse Schans
36%
Spr NS 7400 Zaandijk Zaanse Schans
36%
Spr NS 9000 Akkrum
35%
Spr NS 4000 Amsterdam Holendrecht
35%
Spr NS 7400 Amsterdam Holendrecht
35%
Spr NS 7600 Arnhem Presikhaaf
35%
IC NS 3500 Deurne
35%
Spr NS 4400 Deurne
35%
Spr NS 6600 Gilze-Rijen
35%
Spr NS 4800 Halfweg-Zwanenburg
35%
Spr NS 5400 Halfweg-Zwanenburg
35%
Spr NS 7300 Maarssen
35%
Spr NS 7400 Maarssen
35%
ICE DB 120/220 7x per dag Duitsland Oberhausen Hbf
35%
ST Abellio RE19 20000 Oberhausen Hbf
35%
Spr NS 5000 Rotterdam Lombardijen
35%
Spr NS 5100 Rotterdam Lombardijen
35%
Spr NS 5200 Rotterdam Lombardijen
35%
ST Arriva RS3 37000 eind in spits Stavoren
35%
ST Arriva RS3 37100 Stavoren
35%
Spr NS 9000 Wolvega
35%
ST Arriva 30900 Aalten
34%
Spr NS 4300 Almere Parkwijk
34%
Spr NS 4600 Almere Parkwijk
34%
IC NS/DB 140/240 7x per dag Duitsland Bad Bentheim
34%
ST Eurobahn RB61 20350 Duitsland Bad Bentheim
34%
ST DB RB51 20200 Dortmund Hbf
34%
Spr NS 7000 Enschede Kennispark
34%
Spr Blauwnet 7900 Enschede Kennispark
34%
Spr NS 9000 Grou-Jirnsum
34%
ST Rnet 7100 Hardinxveld-Giessendam
34%
ST RNet 7200 Hardinxveld-Giessendam
34%
Spr NS 6300 Hillegom
34%
Spr NS (1)4900 Hilversum Sportpark
34%
Spr NS 5700 Hilversum Sportpark
34%
Spr NS 4000 Koog aan de Zaan
34%
Spr NS 7400 Koog aan de Zaan
34%
Spr NS 3300 Sassenheim
34%
Spr NS 4600 Sassenheim
34%
Spr NS 6800 Voorburg
34%
Spr NS 6900 Voorburg
34%
IC NS 2200 1x per uur Arnemuiden
33%
Spr NS 6100 Arnemuiden
33%
ST Valleilijn 31300 Barneveld Noord
33%
ST Valleilijn 31400 Barneveld Noord
33%
Spr NS 3300 Den Haag Mariahoeve
33%
Spr NS 6300 Den Haag Mariahoeve
33%
IC NS/DB 140/240 7x per dag Hannover Hbf
33%
Spr NS 6600 Tilburg Reeshof
33%
IC NS 2200 1x per uur Vlissingen Souburg
33%
Spr NS 6100 Vlissingen Souburg
33%
Spr NS 3300 Voorschoten
33%
Spr NS 6300 Voorschoten
33%
Spr NS 7000 Wierden
33%
Spr Blauwnet 7900 Wierden
33%
Spr Rnet 8600 Boskoop
32%
Spr Rnet 8700 Boskoop
32%
Spr NS 6600 Breda-Prinsenbeek
32%
ICD NS 9200 Brussel-Centraal
32%
ICD NS 9200 Brussel-Noord
32%
Spr NS 3300 De Vink
32%
Spr NS 6300 De Vink
32%
IC NS 2100 Heemstede-Aerdenhout
32%
IC NS 2200 Heemstede-Aerdenhout
32%
Spr NS 6300 Heemstede-Aerdenhout
32%
SnT Blauwnet RE20 3800 Mariënberg
32%
ST Blauwnet RS20 8000 Mariënberg
32%
ST Blauwnet RS21 31000 Mariënberg
32%
Spr NS 4800 Obdam
32%
Spr NS 7000 Rijssen
32%
Spr NS 6900 Vleuten
32%
Spr NS 8900 Vleuten
32%
Spr NS 4000 Wormerveer
32%
Spr NS 7400 Wormerveer
32%
ST Valleilijn 31300 Barneveld Zuid
31%
ST Valleilijn 31400 Barneveld Zuid
31%
IC NS 3900/2900 Bovenkarspel Flora
31%
IC NS 4500 enkel in spits Bovenkarspel Flora
31%
Spr NS 7300 Bunnik
31%
Spr NS 7400 Bunnik
31%
Spr NS 6800 Den Haag Ypenburg
31%
Spr NS 6900 Den Haag Ypenburg
31%
ST Breng 30700 Doetinchem De Huet
31%
ST Arriva 30900 Doetinchem De Huet
31%
Spr NS 7000 Holten
31%
ST Arriva RS11 32200 Nijmegen Heyendaal
31%
ST Arriva RS11 32300 Nijmegen Heyendaal
31%
Spr Blauwnet 7900 Nijverdal
31%
IC Blauwnet 17900 Nijverdal
31%
ST Abellio RE19 20000 Oberhausen-Holten
31%
Spr NS 6600 Ravenstein
31%
Spr NS 5700 Bussum Zuid
30%
Spr NS 15800 Bussum Zuid
30%
Spr NS 5500 Den Dolder
30%
Spr NS 5600 Den Dolder
30%
Spr NS 7000 Deventer Colmschate
30%
ST Arriva RS12 32400 Echt
30%
ST Arriva RS4 37600 Groningen Noord
30%
ST Arriva RS5 37700 Groningen Noord
30%
IC NS 2200 1x per uur Kruiningen-Yerseke
30%
Spr NS 6100 Kruiningen-Yerseke
30%
ST RNet 7200 Leerdam
30%
ICD NS 9200 Mechelen
30%
SnT Arriva RE18 19800 Meerssen
30%
SnT Arriva RE18 20300 Meerssen
30%
ST Arriva RS18 32000 Meerssen
30%
Spr NS 5500 Soest Zuid
30%
Spr NS 7300 Utrecht Zuilen
30%
Spr NS 7400 Utrecht Zuilen
30%
Spr NS 5600 Wezep
30%
ST Rnet 7100 Dordrecht Stadspolders
29%
ST RNet 7200 Dordrecht Stadspolders
29%
ST Arriva RS4 37600 Eemshaven
29%
SnT Blauwnet RE20 3800 Emmen Zuid
29%
SnT Blauwnet RE20 13800 enkel in spits Emmen Zuid
29%
ST Blauwnet RS20 8000 Emmen Zuid
29%
ST Abellio RE19 20000 Emmerich
29%
Spr NS 4400 Helmond 't Hout
29%
IC NS 3900/2900 Hoogkarspel
29%
IC NS 4500 enkel in spits Hoogkarspel
29%
Spr NS 4000 Krommenie-Assendelft
29%
Spr NS 7400 Krommenie-Assendelft
29%
ST DB RB64 20200 Münster Hbf
29%
Spr NS 4800 Santpoort Noord
29%
Spr NS 4800 Santpoort Zuid
29%
Spr NS 5500 Soestdijk
29%
Spr NS 28300 niet op maandag Utrecht Maliebaan
29%
Spr Rnet 8600 Waddinxveen Triangel
29%
Spr Rnet 8700 Waddinxveen Triangel
29%
ST Arriva 30800 Winterswijk West
29%
Spr NS 6800 Zoetermeer Oost
29%
Spr NS 6900 Zoetermeer Oost
29%
ST Arriva 17800 Apeldoorn De Maten
28%
ST Arriva RS5 37700 Appingedam
28%
Spr NS 5000 Den Haag Moerwijk
28%
Spr NS 5100 Den Haag Moerwijk
28%
Spr NS 6400 Geldrop
28%
ST Blauwnet 31200 Hengelo Gezondheidspark
28%
IC NS 2200 1x per uur Kapelle-Biezelinge
28%
Spr NS 6100 Kapelle-Biezelinge
28%
IC NS 2200 1x per uur Krabbendijke
28%
Spr NS 6100 Krabbendijke
28%
ST Blauwnet 31200 Lochem
28%
ST Valleilijn 31300 Lunteren
28%
ICD NS 9200 België Noorderkempen
28%
IC NS/DB 140/240 7x per dag Osnabrück Hbf
28%
ST Eurobahn RB61 20350 Osnabrück Hbf
28%
Spr NS 5400 Overveen
28%
Spr NS 25400 enkel in zomer Overveen
28%
IC NS 2200 1x per uur Rilland-Bath
28%
Spr NS 6100 Rilland-Bath
28%
ST Arriva RS18 32000 Schin op Geul
28%
Spr NS 6900 Tiel Passewaaij
28%
Spr NS 7500 Wolfheze
28%
Spr NS 5900 Zevenbergen
28%
ST RNet 7200 Beesd
27%
Spr NS 4800 Driehuis
27%
ST DB RB51 20200 Enschede De Eschmarke
27%
ST DB RB64 20200 Enschede De Eschmarke
27%
Spr NS 4400 Helmond Brouwhuis
27%
ST Arriva RS3 37000 Hindeloopen
27%
ST Arriva RS3 37100 Hindeloopen
27%
ST Valleilijn 31300 Hoevelaken
27%
ST Valleilijn 31400 Hoevelaken
27%
Spr NS 5700 Hollandsche Rading
27%
SnT Arriva RE18 20300 Landgraaf
27%
ST Arriva RS15 32500 Landgraaf
27%
ST Arriva RS18 32000 Maastricht Noord
27%
ST Arriva RS11 32200 Mook-Molenhoek
27%
ST Arriva RS11 32300 Mook-Molenhoek
27%
SnT Blauwnet RE20 3800 Nieuw Amsterdam
27%
ST Blauwnet RS20 8000 Nieuw Amsterdam
27%
Spr NS 3300 Purmerend Overwhere
27%
ST NMBS 2500 Antwerpen-Luchtbal
26%
ST RNet 7200 Arkel
26%
ST Arriva RS6 20100 Bad Nieuweschans
26%
IC NS 3900/2900 Bovenkarspel-Grootebroek
26%
IC NS 4500 enkel in spits Bovenkarspel-Grootebroek
26%
ICD NS 9200 Brussels Airport-Zaventem
26%
SnT Arriva RE1(a) 37300 Buitenpost
26%
ST Arriva RS1 37400 Buitenpost
26%
Spr Blauwnet 7900 Heino
26%
ST Blauwnet 31200 Hengelo Oost
26%
ST Arriva RS6 20100 Hoogezand-Sappemeer
26%
ST Arriva RS6 37500 Hoogezand-Sappemeer
26%
ST Arriva RS7 37800 Hoogezand-Sappemeer
26%
Spr NS 6800 Lansingerland-Zoetermeer
26%
Spr NS 6900 Lansingerland-Zoetermeer
26%
Spr NS 6400 Oisterwijk
26%
Spr NS 7500 Oosterbeek
26%
Spr NS 5900 Oudenbosch
26%
Spr NS 6900 Utrecht Terwijde
26%
Spr NS 8900 Utrecht Terwijde
26%
Spr NS 7300 Veenendaal West
26%
Spr NS 7400 Veenendaal West
26%
Spr NS 6300 Voorhout
26%
Spr Rnet 8600 Waddinxveen Noord
26%
Spr Rnet 8700 Waddinxveen Noord
26%
ST Breng 30700 Westervoort
26%
ST Arriva 30900 Westervoort
26%
IC NS/DB 140/240 7x per dag Wolfsburg Hbf
26%
ST Blauwnet 31200 Goor
25%
ST DB RB51 20200 Duitsland Gronau
25%
ST DB RB64 20200 Duitsland Gronau
25%
ST NMBS 5350 eind op werkdagen Hasselt
25%
Spr NS 4400 Helmond Brandevoort
25%
IC NS 3500 Horst-Sevenum
25%
ST Arriva RS12 32400 Susteren
25%
Spr NS 7000 Apeldoorn Osseveld
24%
IC NS/DB 140/240 7x per dag Berlin Ostbahnhof
24%
ST Rnet 7100 Boven-Hardinxveld
24%
ST RNet 7200 Boven-Hardinxveld
24%
ST Breng 30700 Didam
24%
ST Arriva 30900 Didam
24%
ICE DB 120/220 7x per dag Freiburg Hbf
24%
ST RNet 7200 Hardinxveld Blauwe Zoom
24%
ST Arriva RS3 37000 Ijlst
24%
ST Arriva RS3 37100 Ijlst
24%
ST Arriva 17800 Klarenbeek
24%
ST Rnet 7100 Sliedrecht-Baanhoek
24%
ST RNet 7200 Sliedrecht-Baanhoek
24%
Spr NS 3300 Zaandam Kogerveld
24%
ST NMBS 2500 Antwerpen-Berchem
23%
ICD NS 9200 Antwerpen-Berchem
23%
ICE DB 120/220 7x per dag Basel SBB
23%
Spr Rnet 8600 Boskoop Snijdelwijk
23%
Spr Rnet 8700 Boskoop Snijdelwijk
23%
ST Arriva RS15 32500 Eygelshoven
23%
ST DB RB51 20200 Glanerbrug
23%
ST DB RB64 20200 Glanerbrug
23%
ST Arriva RS18 32000 Heerlen Woonboulevard
23%
Spr NS 6400 Heeze
23%
ST Arriva 31100 Hemmen-Dodewaard
23%
ICE DB 120/220 7x per dag Karlsruhe Hbf
23%
ST Arriva 31100 Kesteren
23%
Spr NS 6400 Maarheeze
23%
ICE DB 120/220 7x per dag Mannheim Hbf
23%
ST Arriva RS4 37600 Roodeschool
23%
ST Arriva RS11 32200 Tegelen
23%
ST Arriva 30900 Terborg
23%
Spr NS 7000 Twello
23%
ST Arriva 30900 Varsseveld
23%
ST Arriva RS11 32200 Vierlingsbeek
23%
ST Arriva RS11 32300 Vierlingsbeek
23%
ST Breng 30700 Wehl
23%
ST Arriva 30900 Wehl
23%
SnT Arriva RE1(b) 37300 Zuidhorn
23%
ST Arriva RS1 37400 Zuidhorn
23%
ST Arriva 30900 Gaanderen
22%
ST Arriva RS15 32500 Chevremont
21%
SnT Arriva RE18 20300 Eygelshoven Markt
21%
ST Arriva RS15 32500 Geleen Oost
21%
ST Arriva 30800 Lichtenvoorde-Groenlo
21%
ST NMBS 5350 eind in weekend Liège-Guillemins
21%
ST Arriva RS5 37700 Loppersum
21%
ST Arriva 30800 Ruurlo
21%
ST NMBS 5350 België Visé
21%
ST Arriva 17800 Voorst-Empe
21%
ST Arriva RS4 37600 Winsum
21%
Spr NS 4000 Nieuwerkerk aan den IJssel
20%
Spr NS 7700 enkel in spits Nieuwerkerk aan den Ijssel
20%
ST Arriva RS3 37000 Sneek Noord
20%
SnT Arriva RE3 37000 enkel in spits Sneek Noord
20%
ST Arriva RS3 37100 Sneek Noord
20%
ST Blauwnet RS21 31000 Vroomshoop
20%
ST Arriva 31100 Zetten-Andelst
20%
ST Blauwnet RS20 8000 Dalen
19%
ST Arriva RS2 37200 Deinum
19%
ST Blauwnet 31200 Delden
19%
ST Arriva RS15 32500 Hoensbroek
19%
Spr NS 3300 Purmerend Weidevenne
19%
ST Arriva RS11 32200 Reuver
19%
ST Arriva RS11 32200 Swalmen
19%
ST Arriva RS4 37600 Uithuizen
19%
ST Arriva 30800 Vorden
19%
ST Blauwnet RS21 31000 Vriezenveen
19%
IC NS/DB 140/240 7x per dag Bünde
18%
ST Eurobahn RB61 20350 Bünde
18%
ST Arriva RS12 32400 Bunde
18%
SnT Eurobahn RE13 20000 Hamm
18%
ST NMBS 2500 Puurs
18%
IC NS/DB 140/240 7x per dag Rheine
18%
ST Eurobahn RB61 20350 Rheine
18%
ST Arriva RS4 37600 Sauwerd
18%
ST Arriva RS5 37700 Sauwerd
18%
ST Arriva RS15 32500 Schinnen
18%
ST Arriva RS18 32000 Voerendaal
18%
ST Arriva RS5 37700 Bedum
17%
ST Arriva RS5 37700 Delfzijl West
17%
SnT Eurobahn RE13 20000 Mönchengladbach Hbf
17%
ST Arriva RS4 37600 Warffum
17%
ST Arriva RS3 37000 Workum
17%
ST Arriva RS3 37100 Workum
17%
ST NMBS 2500 Antwerpen-Zuid
16%
ST Eurobahn RB61 20350 Bielefeld Hbf
16%
ST Arriva RS2 37200 Dronryp
16%
ST DB RB51 20200 Epe
16%
SnT Arriva RE1(a) 37300 Feanwâlden
16%
SnT Arriva RE1(b) 37300 Feanwâlden
16%
ST Arriva RS1 37400 Feanwâlden
16%
ST Arriva RS18 32000 Klimmen-Ransdaal
16%
ST Arriva RS3 37000 Mantgum
16%
ST Arriva RS3 37100 Mantgum
16%
ST Arriva RS15 32500 Nuth
16%
ST Arriva 31100 Opheusden
16%
ST Arriva RS15 32500 Spaubeek
16%
ICE DB 120/220 7x per dag Zwitserland Basel Bad Bf
15%
ST Arriva RS12 32400 Beek-Elsloo
15%
IC NS/DB 140/240 7x per dag Berlin Spandau
15%
ST Blauwnet RS21 31000 Daarlerveen
15%
ST Abellio RE19 20000 Düsseldorf Flughafen
15%
ST Blauwnet RS20 8000 Gramsbergen
15%
ST Arriva RS1 37400 Grijpskerk
15%
SnT Arriva RE18 20300 Duitsland Herzogenrath
15%
SnT Eurobahn RE13 20000 Duitsland Kaldenkirchen
15%
ST NMBS 2500 Kalmthout
15%
ST Arriva RS6 20100 Kropswolde
15%
ST Arriva RS6 37500 Kropswolde
15%
ST Arriva RS7 37800 Kropswolde
15%
ST Arriva RS6 20100 Martenshoek
15%
ST Arriva RS6 37500 Martenshoek
15%
ST Arriva RS7 37800 Martenshoek
15%
ST Arriva RS4 37600 Uithuizermeeden
15%
ST Arriva RS6 20100 Duitsland Weener
15%
ST Abellio RE19 20000 Wesel
15%
SnT Eurobahn RE13 20000 Wuppertal Hbf
15%
ST Arriva RS4 37600 Baflo
14%
ST Arriva RS1 37400 Hurdegaryp
14%
ST Arriva RS3 37000 Koudum-Molkwerum
14%
ST Arriva RS3 37100 Koudum-Molkwerum
14%
ST Arriva RS6 20100 Scheemda
14%
ST Arriva RS6 37500 Scheemda
14%
SnT Arriva RE6 37900 enkel in sptis Scheemda
14%
ST Arriva RS4 37600 Usquert
14%
SnT Arriva RE18 20300 Aachen West
13%
ST NMBS 2500 Antwerpen-Noorderdokken
13%
ST Abellio RE19 20000 Duitsland Emmerich-Elten
13%
ST Arriva RS18 32000 Houthem-St. Gerlach
13%
IC NS/DB 140/240 7x per dag Minden
13%
ST Arriva RS5 37700 Stedum
13%
ST Arriva RS6 20100 Zuidbroek
13%
ST Arriva RS6 37500 Zuidbroek
13%
ST Arriva RS7 37800 Zuidbroek
13%
ST Arriva RS1 37400 De Westereen
12%
ICE DB 120/220 7x per dag Siegburg
12%
ST NMBS 2500 Kapellen
11%
ICE DB 120/220 7x per dag Offenburg
11%
ST NMBS 5350 Bressoux
10%
ST NMBS 2500 Kijkuit
10%
SnT Eurobahn RE13 20000 Neuss Hbf
10%
IC NS/DB 140/240 7x per dag Stendal
10%
SnT Eurobahn RE13 20000 Viersen
10%
ST NMBS 2500 Wildert
10%
ST DB RB51 20200 Ahaus
9%
ST NMBS 2500 Boom
9%
ST DB RB51 20200 Coesfeld
9%
ST Abellio RE19 20000 Dinslaken
9%
ST NMBS 2500 Ekeren
9%
ST NMBS 2500 Heide
9%
ST NMBS 5350 Liège-Carré
9%
ST Abellio RE19 20000 Oberhausen-Sterkrade
9%
ST NMBS 5350 Bilzen
8%
ST Eurobahn RB61 20350 Ibbenbüren
8%
ST NMBS 5350 Liège-Saint Lambert
8%
ST Abellio RE19 20000 Praest
8%
ST NMBS 5350 Tongeren
8%
SnT Eurobahn RE13 20000 Breyell
7%
ST NMBS 5350 Diepenbeek
7%
ST Abellio RE19 20000 Empel-Rees
7%
ST NMBS 5350 Herstal
7%
ST NMBS 5350 Liers
7%
ST DB RB51 20200 Lünen Hbf
7%
ST Abellio RE19 20000 Mehrhoog
7%
ST DB RB64 20200 Ochtrup
7%
ST Eurobahn RB61 20350 Osnabrück Altstadt
7%
ST Eurobahn RB61 20350 Salzbergen
7%
ST NMBS 2500 Sint-Mariaburg
7%
SnT Eurobahn RE13 20000 Unna
7%
ST Abellio RE19 20000 Voerde
7%
SnT Eurobahn RE13 20000 Wuppertal-Barmen
7%
SnT Eurobahn RE13 20000 Wuppertal-Oberbarmen
7%
ST Abellio RE19 20000 Friedrichsfeld
6%
ST NMBS 5350 Glons
6%
SnT Eurobahn RE13 20000 Holzwickede
6%
ST Abellio RE19 20000 Millingen
6%
ST Eurobahn RB61 20350 Schüttorf
6%
ST DB RB51 20200 Selm
6%
ST Abellio RE19 20000 Wesel-Feldmark
6%
ST DB RB64 20200 Altenberge
5%
SnT Eurobahn RE13 20000 Boisheim
5%
SnT Eurobahn RE13 20000 Bönen
5%
ST DB RB64 20200 Burgsteinfurt
5%
SnT Eurobahn RE13 20000 Dülken
5%
ST DB RB51 20200 Dulmen
5%
SnT Eurobahn RE13 20000 Ennepetal
5%
ST Abellio RE19 20000 Haldern
5%
ST NMBS 2500 Hemiksem
5%
ST Eurobahn RB61 20350 Herford
5%
ST Eurobahn RB61 20350 Hörstel
5%
ST Eurobahn RB61 20350 Ibbenbüren-Esch
5%
ST Eurobahn RB61 20350 Ibbenbüren-Laggenbeck
5%
ST DB RB51 20200 Legden
5%
ST DB RB51 20200 Lüdinghausen
5%
ST NMBS 5350 Milmort
5%
ST DB RB64 20200 Münster Zentrum Nord
5%
ST DB RB64 20200 Nordwalde
5%
ST DB RB51 20200 Preußen
5%
SnT Eurobahn RE13 20000 Schwelm
5%
SnT Eurobahn RE13 20000 Schwerte
5%
ST DB RB51 20200 Selm-Beifang
5%
ST DB RB64 20200 Steinfurt-Borghorst
5%
SnT Eurobahn RE13 20000 Wuppertal-Vohwinkel
5%
ST DB RB51 20200 Bork
4%
ST Eurobahn RB61 20350 Brake
4%
ST DB RB51 20200 Dortmund-Derne
4%
ST DB RB51 20200 Dortmund-Kirchderne
4%
ST NMBS 2500 Hoboken-Polder
4%
ST DB RB51 20200 Lette
4%
ST DB RB64 20200 Metelen Land
4%
ST DB RB64 20200 Münster-Häger
4%
ST NMBS 2500 Niel
4%
ST DB RB51 20200 Rosendahl-Holtwick
4%
ST Eurobahn RB61 20350 Hiddenhausen-Schweicheln
3%
ST Eurobahn RB61 20350 Kirchlengern
3%
ST Eurobahn RB61 20350 Melle
3%
ST NMBS 2500 Schelle
3%
ST DB RB64 20200 Steinfurt-Grottenkamp
3%
ST Eurobahn RB61 20350 Westerhausen
3%
ST Eurobahn RB61 20350 Wissingen
3%
ST NMBS 2500 Ruisbroek-Sauvegarde
2%
ST Eurobahn RB61 20350 Bruchmühlen
1%
Geen overeenkomende quizzen gevonden
Scoreverdeling
Procent van Mensen met Elke Score
Percentiel versus Aantal Correcte Antwoorden
Uw Scoregeschiedenis
U heeft deze quiz nog niet genomen sinds de laatste reset